000 00388nam a22001217a 4500
003 SGT
082 _a080
_bM92S
100 _aश्रीअरविन्द
245 _aमानव एकता का आदर्श : युद्ध और आत्म निर्णय
260 _bश्रीअरविन्द आश्रम
_c1992
300 _a432
942 _2ddc
_cBK
999 _c31543
_d31543